Datum a čas kvízu
35
Celkem bodů
Celkový počet nahraných bodů na tomto kvízu bez doplňovacích otázek.
1.
Pořadí na kvízu
Konečné umístění týmu na tomto kvízu.
Zaznamenané odpovědi
| # | Otázka | Odpověď | Body | Výsledky |
|---|---|---|---|---|
| 1. | Policie prověřuje bývalého šéf... | Robert Šlachta | 1 | |
| 2. | Jeden výrobce pneumatik zakáza... | Goodyear | 1 | |
| 3. | Stanice CNN Prima News, která... | Markéta Fialová | 0 | |
| 4. | V úterý byl v Praze na Vltavě... | První český dům vytvořený technologií 3D tisku. | 1 | |
| 5. | Hokejová Kometa Brno si připsa... | Jakub Klepiš | 0 | |
| 6. | Začneme u nás, konkrétně pohád... | Radúz a Mahulena | 1 | |
| 7. | Jak se jmenují tři sestry ve s... | C | 1 | |
| 8. | William Shakespeare pochopitel... | Oscar Wilde | 1 | |
| 9. | Divadelní hry se samozřejmě ne... | Jiráskův Hronov | 0 | |
| 10. | Jak se jmenuje veleúspěšná hra... | Hrdý Budžes | 0 |